000
00319nam a2200133 i 4500
001
bg
100
1
_a
SVEDOV, L. I.
245
0
_a
Chromonikel'aljuminevaja żarostojkaja stal' /
_c
L.I. Svedov.
260
_a
Minsk,
_c
1974.
040
_c
BPK
041
_a
pol
942
_c
KS
008
s pl f |000 0 pol
999
_c
26695
_d
26695